Normal view
MARC view
Entry Personal Name
001 - CONTROL NUMBER
- control field: 265980
003 - CONTROL NUMBER IDENTIFIER
- control field: OSt
005 - DATE AND TIME OF LATEST TRANSACTION
- control field: 20260625103033.0
008 - FIXED-LENGTH DATA ELEMENTS
- fixed length control field: 260625|| aca||aabn | a|a d
040 ## - CATALOGING SOURCE
- Original cataloging agency: OSt
- Transcribing agency: OSt
100 ## - HEADING--PERSONAL NAME
- Personal name: RAJASHEKHARAYYA (B) and SHIVARAJAPPA (S).
- Dates associated with a name: राजशेखरय्य (बि.) एवम् शिवराजप्प (एस्.)
670 ## - SOURCE DATA FOUND
- Source citation: Work cat.: (OSt)106742: RAJASHEKHARAYYA (B) and SHIVARAJAPPA (S). राजशेखरय्य (बि.) एवम् शिवराजप्प (एस्.), Anuvada chandrika., 1996